Top 15 der betroffenen Covid-19-Länder - 21. Juni - Statistiken

Allgemein
  • Dieses Quiz wurde 14 mal gespielt
  • Das Durchschnittsergebnis liegt bei 14 aus 27
Antwortstatistiken
Land % Korrekt
Deutschland
100%
Vereinigtes Königreich
92%
Vereinigte Staaten
92%
Italien
85%
Mexiko
85%
Russland
85%
Spanien
85%
Brasilien
77%
Frankreich
77%
Indien
77%
Iran
54%
Schweden
54%
Belgien
46%
Chile
46%
Chile
46%
Irland
46%
Türkei
46%
Peru
38%
Bahrain
31%
Singapur
31%
Katar
23%
Oman
23%
Pakistan
23%
Panama
23%
Armenien
15%
Kuwait
15%
Weißrussland
15%
Keine übereinstimmenden Quizze gefunden
Verteilung der Resultate
Anzahl Personen mit jedem Resultat
Perzentil nach korrekt beantworteten Fragen
Ihre Resultats-Entwicklung
Sie haben dieses Quiz noch nicht gespielt